[Event "AUTO-OPEN-2838"]
[Site "http://www.queenalice.com/game.php?id=1120257"]
[Date "2012.11.8"]
[Round "1"]
[White "pastor"]
[Black "Narutos"]
[Result "0-1"]
[WhiteElo "1577"]
[BlackElo "2056"]

1. e4 c5 2. Nf3 Nc6 3. Nc3 d6 4. Bb5 Bd7 5. d3 Nf6 6. O-O e6 7. Bg5 Be7 8. Re1
O-O 9. a3 a6 10. Bc4 b5 11. Ba2 Rc8 12. Qd2 Ne8 13. Bxe7 Qxe7 14. Rad1 Nc7 15.
Ng5 Nd4 16. Qf4 h6 17. Nf3 Nxc2 18. Re2 Nd4 19. Nxd4 cxd4 20. Nb1 e5 21. Qg3 Be6
22. Bxe6 Nxe6 23. Nd2 Rc2 24. Rb1 Rfc8 25. Kf1 Nf4 26. Rbe1 Nxe2 27. Rxe2 Rxb2
28. Nf3 Rxe2 29. Kxe2 Qc7 0-1

[Event "AUTO-MASTER-1773"]
[Site "http://www.queenalice.com/game.php?id=1125680"]
[Date "2012.11.24"]
[Round "1"]
[White "Narutos"]
[Black "vincentlennon"]
[Result "0-1"]
[WhiteElo "2020"]
[BlackElo "1954"]

1. e4 e6 2. d4 d5 3. e5 c5 4. c3 Qb6 5. Nf3 Nc6 6. Bd3 Bd7 7. Bc2 cxd4 8. cxd4
Nb4 9. O-O Nxc2 10. Qxc2 Rc8 11. Qd1 Ne7 12. Nc3 Ng6 13. b3 Rxc3 14. Bb2 Rc7 15.
Ng5 h6 16. Nf3 Be7 17. Rc1 O-O 18. Rxc7 Qxc7 19. Qd3 a6 20. Rc1 Qa5 21. a4 b5
22. Bc3 Qb6 23. a5 Qb7 24. b4 Rc8 25. Re1 Rc4 26. Rb1 Qc8 27. Bd2 Qf8 28. g3
Bxb4 29. h4 Bxd2 30. Qxd2 Ne7 31. g4 f5 32. exf6 Qxf6 33. Kg2 Nc6 34. Rd1 Be8
35. Qe3 Bg6 36. Kg3 Be4 37. Nd2 Rxd4 38. Rc1 Rxd2 39. Qxd2 Qf3+ 0-1

[Event "AUTO-MASTER-1773"]
[Site "http://www.queenalice.com/game.php?id=1125681"]
[Date "2012.11.24"]
[Round "1"]
[White "vincentlennon"]
[Black "Narutos"]
[Result "1-0"]
[WhiteElo "1979"]
[BlackElo "2031"]

1. e4 c5 2. f4 Nc6 3. Nf3 d6 4. Bc4 e6 5. O-O Nf6 6. d3 Be7 7. h3 O-O 8. Be3 Na5
9. Nbd2 a6 10. a3 b5 11. Ba2 Bb7 12. Qe2 Rc8 13. Nh2 Nd7 14. f5 Ne5 15. fxe6 f6
16. Bd5 Bc6 17. b4 Bxd5 18. exd5 Nb7 19. Ne4 Qe8 20. Rac1 Qg6 21. Nf3 f5 22.
Nxe5 dxe5 23. Nxc5 Nxc5 24. Bxc5 Rxc5 25. bxc5 Bxc5+ 26. Kh1 Bd6 27. Ra1 h6 28.
c4 e4 29. Qe3 bxc4 30. dxe4 f4 31. Qb6 Be5 32. Rae1 Qg3 33. e7 Re8 34. Qe6+ 1-0

[Event "AUTO-MASTER-1773"]
[Site "http://www.queenalice.com/game.php?id=1125682"]
[Date "2012.11.24"]
[Round "1"]
[White "Narutos"]
[Black "Artking"]
[Result "1-0"]
[WhiteElo "2001"]
[BlackElo "1966"]

1. e4 d6 2. d4 Nf6 3. Nc3 g6 4. Bc4 Bg7 5. Bg5 Nbd7 6. Nf3 O-O 7. Qd2 c6 8. O-O
Qc7 9. h3 e5 10. Bh6 a6 11. Rad1 b5 12. Bb3 a5 13. a3 Nh5 14. Bxg7 Nxg7 15. Qh6
Ra7 16. Ng5 Nf6 17. Qh4 Ne6 18. d5 Nd4 19. f4 Nxb3 20. cxb3 Kg7 21. dxc6 h5 22.
Kh2 b4 23. Nd5 Nxd5 24. exd5 bxa3 25. bxa3 Qe7 26. fxe5 dxe5 27. d6 Qd8 28. d7
Bxd7 29. Rxd7 Rxd7 30. cxd7 Qxd7 31. Ne4 f5 32. Ng5 e4 33. Qf4 Re8 34. Rc1 Re7
35. Qe3 Qd6+ 36. Kh1 Qxa3 37. h4 a4 38. Qd4+ 1-0

[Event "AUTO-MASTER-1773"]
[Site "http://www.queenalice.com/game.php?id=1125683"]
[Date "2012.11.24"]
[Round "1"]
[White "Artking"]
[Black "Narutos"]
[Result "1/2-1/2"]
[WhiteElo "1993"]
[BlackElo "2012"]

1. d4 d5 2. c4 e6 3. Nc3 Nf6 4. Bg5 Be7 5. Nf3 O-O 6. e3 h6 7. Bh4 a6 8. Bd3 Nc6
9. O-O b6 10. a3 Ng4 11. Bxe7 Nxe7 12. h3 Nf6 13. Ne5 Bb7 14. f4 c5 15. Qc2 cxd4
16. exd4 dxc4 17. Bxc4 Qxd4+ 18. Kh1 Nf5 19. Kh2 Ne4 20. Rad1 Qe3 21. Rf3 Qc5
22. Nd7 Qc6 23. Bd3 Nxc3 24. Ne5 Qc7 25. Bxf5 Bxf3 26. Rd7 Qc8 27. Bh7+ Kh8 28.
Rxf7 Be4 29. Bxe4 Rxf7 30. Nxf7+ Kg8 31. Nxh6+ gxh6 32. Bxa8 Qxa8 33. Qg6+ Kf8
34. Qf6+ Kg8 35. Qxe6+ Kh7 36. Qf7+ Kh8 37. bxc3 Qc6 38. c4 b5 39. cxb5 axb5 40.
Qf8+ Kh7 41. Kg3 Qg6+ 42. Kf3 Qd3+ 43. Kg4 Qg6+ 44. Kh4 Qxg2 45. Qe7+ Kh8 46.
Qe8+ Kh7 47. Qxb5 Qf2+ 48. Kg4 Qg2+ 49. Kh4 1/2-1/2

[Event "AUTO-MASTER-1773"]
[Site "http://www.queenalice.com/game.php?id=1125684"]
[Date "2012.11.24"]
[Round "1"]
[White "Narutos"]
[Black "PasoDoble"]
[Result "0-1"]
[WhiteElo "2029"]
[BlackElo "2357"]

1. e4 e6 2. d4 d5 3. e5 c5 4. Nf3 Nc6 5. c3 Qb6 6. Bd3 cxd4 7. cxd4 Bd7 8. Be2
Nge7 9. O-O Nf5 10. Nc3 Nfxd4 11. Na4 Nxf3+ 12. Bxf3 Qd4 13. Qb3 Na5 14. Qc3
Qxa4 15. Bd2 Nc6 16. a3 d4 17. Qc1 Rc8 18. Qe1 Be7 19. b3 Qxb3 20. Rb1 Qxa3 21.
Rxb7 Qc5 22. Bxc6 Qxc6 23. Rxa7 d3 24. Bb4 Qb6 25. Bxe7 Qxa7 26. Bd6 Qd4 27. Qd2
f6 28. Rc1 Rxc1+ 29. Qxc1 d2 0-1

[Event "AUTO-MASTER-1773"]
[Site "http://www.queenalice.com/game.php?id=1125685"]
[Date "2012.11.24"]
[Round "1"]
[White "PasoDoble"]
[Black "Narutos"]
[Result "1-0"]
[WhiteElo "2322"]
[BlackElo "2029"]

1. e4 c5 2. Nf3 Nc6 3. d4 cxd4 4. Nxd4 d6 5. c4 Nf6 6. Nc3 e6 7. Be2 Be7 8. O-O
O-O 9. Be3 a6 10. Rc1 Bd7 11. f3 Rc8 12. Qd2 e5 13. Nb3 Be6 14. Nd5 Bxd5 15.
cxd5 Nb8 16. Na5 Qd7 17. Nc4 Bd8 18. a4 Qe7 19. Qb4 Ne8 20. a5 h6 21. Bd3 g5 22.
h4 f6 23. Rfd1 Rf7 24. Rc2 Qf8 25. hxg5 hxg5 26. Nxe5 Rxc2 27. Nxf7 Rc8 28. Qxb7
1-0

[Event "AUTO-OPEN-2851"]
[Site "http://www.queenalice.com/game.php?id=1125850"]
[Date "2012.11.25"]
[Round "1"]
[White "alfonso"]
[Black "Narutos"]
[Result "0-1"]
[WhiteElo "1479"]
[BlackElo "2016"]

1. e4 c5 2. Qf3 Nc6 3. Bc4 Ne5 4. Qc3 Nxc4 5. Qxc4 d6 6. Nf3 Nf6 7. Ng5 e6 8.
Qb5+ Qd7 9. Qd3 h6 10. Nf3 Be7 11. Nc3 a6 12. h3 b5 13. O-O Bb7 14. Nh2 O-O 15.
Qe3 b4 16. Nd1 Bxe4 17. d3 Bb7 18. f3 Rac8 19. c4 d5 20. Nf2 Bd6 21. f4 Qc7 22.
g3 Qc6 23. Nf3 d4 24. Qe2 Qxf3 25. Qxf3 Bxf3 26. a3 a5 27. axb4 axb4 28. Ra6
Rfd8 29. Bd2 Ra8 30. Rfa1 Rxa6 31. Rxa6 e5 32. Kh2 exf4 33. gxf4 Nh5 34. h4 Nxf4
35. Kg3 Bb7 36. Rb6 Ne2+ 37. Kg4 Ba8 38. Nd1 Ng1 39. Nf2 Nf3 40. Bc1 Ne5+ 41.
Kf5 Rd7 42. Ra6 Bf3 43. Bd2 Nc6 44. Ra8+ Kh7 45. h5 Ne7# 0-1

[Event "AUTO-OPEN-2851"]
[Site "http://www.queenalice.com/game.php?id=1125851"]
[Date "2012.11.25"]
[Round "1"]
[White "Narutos"]
[Black "alfonso"]
[Result "1-0"]
[WhiteElo "2018"]
[BlackElo "1494"]

1. e4 e5 2. Bc4 Nf6 3. Nc3 d6 4. d3 Bg4 5. f3 Bd7 6. Nge2 a6 7. a3 b5 8. Bb3 Nh5
9. Be3 g5 10. Qd2 Bh6 11. h4 Nf4 12. g3 Ng6 13. O-O-O a5 14. Bxg5 Bxg5 15. hxg5
h5 16. gxh6 a4 17. Ba2 Ra6 18. f4 Bg4 19. Rdf1 f6 20. fxe5 Nxe5 21. Nd5 Nbd7 22.
Nef4 c6 23. Ne3 Nb6 24. Nxg4 Nxg4 25. h7 Qd7 26. Qe2 Ra8 27. Be6 Qg7 28. Bxg4
Rxh7 29. Rxh7 Qxh7 30. Rh1 Qxh1+ 31. Kd2 Qh6 32. Kd1 Kf8 33. Qe3 Rb8 34. Ne6+
Kf7 35. Qxh6 Nd7 36. Qg7+ Ke8 37. Nc7+ Kd8 38. Qxd7# 1-0

[Event "AUTO-OPEN-2851"]
[Site "http://www.queenalice.com/game.php?id=1125886"]
[Date "2012.11.25"]
[Round "1"]
[White "Narutos"]
[Black "jiujitsubr"]
[Result "1-0"]
[WhiteElo "2013"]
[BlackElo "1745"]

1. e4 c5 2. Bc4 d6 3. Nc3 Nf6 4. d3 g6 5. Nf3 Bg7 6. O-O O-O 7. h3 Nc6 8. Bg5
Na5 9. Bb3 Nxb3 10. axb3 a6 11. Qd2 Re8 12. Bh6 Bh8 13. Ng5 b5 14. Qf4 b4 15.
Nd5 e5 16. Qf3 Be6 17. Ne3 Nh5 18. Nxe6 Rxe6 19. Nd5 a5 20. g4 Nf6 21. Bg5 h6
22. Bxf6 Bxf6 23. Qg3 Bh4 24. Qe3 Bg5 25. f4 exf4 26. Nxf4 Qb6 27. Kg2 Qc7 28.
Nxe6 fxe6 29. Qf3 d5 30. exd5 Re8 31. dxe6 Qe7 32. Qf7+ Kh8 33. Qxg6 Qb7+ 34.
Qe4 Qc7 35. Rae1 Bh4 36. Re3 Qd6 37. Rf7 1-0

[Event "AUTO-OPEN-2851"]
[Site "http://www.queenalice.com/game.php?id=1125887"]
[Date "2012.11.25"]
[Round "1"]
[White "jiujitsubr"]
[Black "Narutos"]
[Result "0-1"]
[WhiteElo "1750"]
[BlackElo "2026"]

1. d4 d5 2. c4 Nf6 3. Nc3 e6 4. e3 Be7 5. Bd3 O-O 6. f3 a6 7. Nge2 Bd6 8. O-O c5
9. e4 cxd4 10. Nxd4 Nc6 11. Be3 Bc5 12. Qd2 Nxd4 13. exd5 exd5 14. Bxh7+ Nxh7
15. Bxd4 dxc4 16. Rad1 Bxd4+ 17. Qxd4 Qxd4+ 18. Rxd4 b5 19. Rfd1 Nf6 20. Ne4
Nxe4 21. Rxe4 Bf5 22. Re5 Be6 23. f4 Rad8 24. Rf1 Rd2 25. f5 Bc8 26. f6 g6 27.
Rb1 Rfd8 28. Rbe1 Be6 29. h4 Rxb2 30. h5 Rdd2 31. hxg6 Rxg2+ 32. Kh1 Rh2+ 33.
Kg1 Rbg2+ 34. Kf1 c3 35. g7 Bc4+ 36. R1e2 Rxe2 37. Rc5 Rh1# 0-1

[Event "AUTO-MASTER-1785"]
[Site "http://www.queenalice.com/game.php?id=1131381"]
[Date "2012.12.15"]
[Round "1"]
[White "CaioPoeta"]
[Black "Narutos"]
[Result "1-0"]
[WhiteElo "2269"]
[BlackElo "2018"]

1. d4 d5 2. c4 e6 3. Nc3 Nf6 4. Bg5 Be7 5. e3 O-O 6. Qc2 a6 7. Nf3 c5 8. O-O-O
Nc6 9. dxc5 Bxc5 10. cxd5 Nb4 11. Qb3 Qc7 12. Bxf6 gxf6 13. e4 Bxf2 14. Qxb4 b5
15. Kb1 Bd7 16. d6 Qb7 17. e5 f5 18. Qf4 Kh8 19. Ng5 Qb6 20. Rd3 f6 21. Nxh7
Kxh7 22. Rh3+ Kg8 23. Qh6 1-0

[Event "AUTO-MASTER-1785"]
[Site "http://www.queenalice.com/game.php?id=1131382"]
[Date "2012.12.15"]
[Round "1"]
[White "Narutos"]
[Black "CaioPoeta"]
[Result "1-0"]
[WhiteElo "1964"]
[BlackElo "2000"]

1. e4 c5 2. Bc4 e6 3. Nf3 a6 4. d3 b5 5. Bb3 Nc6 6. O-O Bb7 7. a3 g6 8. Nc3 Bg7
9. Bg5 Nge7 10. Ne1 Qb6 11. Nf3 O-O 12. Qd2 f5 13. Rad1 h6 14. Bxh6 Na5 15. Ba2
Rad8 16. Qg5 Rf7 17. Bxg7 Rxg7 18. Ne5 d5 19. Qf6 Qd6 20. f4 Rf8 21. Qg5 d4 22.
Ne2 fxe4 23. Ng3 e3 24. Rde1 Bd5 25. Ne4 Bxe4 26. dxe4 Nac6 27. Ng4 Nd8 28. Rf3
Nec6 29. Rh3 Rxf4 30. e5 Qf8 31. Nh6+ 1-0

[Event "AUTO-MASTER-1785"]
[Site "http://www.queenalice.com/game.php?id=1131397"]
[Date "2012.12.15"]
[Round "1"]
[White "kookaburra"]
[Black "Narutos"]
[Result "1-0"]
[WhiteElo "2212"]
[BlackElo "2002"]

1. e4 c5 2. Nc3 Nc6 3. Nf3 d6 4. d4 cxd4 5. Nxd4 Bd7 6. Be3 Nf6 7. h3 e6 8. Ndb5
Qb8 9. Bf4 e5 10. Bg5 Be6 11. Bxf6 gxf6 12. Nd5 Bxd5 13. Qxd5 a6 14. Nc3 Qc7 15.
Qd2 h5 16. Nd5 Qd8 17. Bd3 Bh6 18. Qd1 Nd4 19. c3 Ne6 20. Qf3 Bg7 21. O-O-O Rc8
22. Kb1 Kf8 23. Bc2 Nc7 24. Ne3 b5 25. Nf5 Ne8 26. Rd3 a5 27. Rhd1 Rc6 28. Rd5
Qc7 29. Rxb5 Rb6 30. Qd3 Kg8 31. Ne7+ Qxe7 32. Rxb6 Qc7 33. Qb5 Kh7 34. Rb7 Qc8
35. Rxf7 Qe6 36. Bb3 Qc8 37. Qxa5 Rf8 38. Qa7 Rxf7 39. Qxf7 Kh6 40. Be6 1-0

[Event "AUTO-MASTER-1785"]
[Site "http://www.queenalice.com/game.php?id=1131398"]
[Date "2012.12.15"]
[Round "1"]
[White "Narutos"]
[Black "kookaburra"]
[Result "0-1"]
[WhiteElo "1974"]
[BlackElo "2211"]

1. e4 d5 2. exd5 Nf6 3. Nf3 Nxd5 4. Bc4 e6 5. O-O Be7 6. d4 Nd7 7. Bxd5 exd5 8.
Re1 O-O 9. Bf4 Nf6 10. h3 Re8 11. c3 Bf5 12. Nbd2 c6 13. Nf1 Ne4 14. N3d2 Bd6
15. Bxd6 Qxd6 16. Qf3 Bg6 17. Nxe4 Bxe4 18. Qg4 f5 19. Qd1 f4 20. f3 Bf5 21. Qd2
h6 22. Rxe8+ Rxe8 23. Re1 Rxe1 24. Qxe1 Kf7 25. Nd2 Qe6 26. Qxe6+ Kxe6 27. Kf2
Bc2 28. Ke2 b6 29. Nf1 Bb1 30. a3 c5 31. Nd2 Bf5 32. h4 Bc2 33. Kf2 Kf5 34. g3
g5 35. hxg5 Kxg5 36. Nf1 h5 37. Nh2 Bd3 38. g4 h4 39. Kg2 c4 40. Nf1 h3+ 41. Kg1
Kh4 42. Kf2 Bxf1 43. Kxf1 Kg3 44. Kg1 Kxf3 45. g5 Ke2 46. g6 f3 47. g7 f2+ 48.
Kh2 f1=Q 49. g8=Q Qg2+ 50. Qxg2+ hxg2 51. Kxg2 Kd3 52. Kf3 Kc2 0-1

[Event "AUTO-MASTER-1785"]
[Site "http://www.queenalice.com/game.php?id=1131407"]
[Date "2012.12.15"]
[Round "1"]
[White "kobra23"]
[Black "Narutos"]
[Result "1-0"]
[WhiteElo "2359"]
[BlackElo "1981"]

1. d4 d5 2. c4 e6 3. cxd5 exd5 4. Nc3 Nf6 5. Nf3 Be7 6. e3 O-O 7. a3 c6 8. h3
Bf5 9. Bd3 Bg6 10. O-O Nbd7 11. Bxg6 hxg6 12. Qc2 Bd6 13. Re1 Re8 14. Ng5 Nh5
15. e4 dxe4 16. Qb3 Rf8 17. Qxb7 Bf4 18. Ncxe4 Rb8 19. Qxc6 Bxc1 20. Qxc1 Ndf6
21. Qd2 Nd5 22. Nc5 Nhf4 23. h4 Qc8 24. Re4 Qg4 25. g3 f6 26. Nge6 Rfe8 27. Nxf4
Rxe4 28. Nxe4 Nxf4 29. Qxf4 Qxf4 30. gxf4 Rxb2 31. Rc1 Rb3 32. Rc8+ Kh7 33. d5
Rxa3 34. d6 Rd3 35. Rc7 1-0

[Event "AUTO-MASTER-1785"]
[Site "http://www.queenalice.com/game.php?id=1131408"]
[Date "2012.12.15"]
[Round "1"]
[White "Narutos"]
[Black "kobra23"]
[Result "0-1"]
[WhiteElo "1967"]
[BlackElo "2290"]

1. e4 e5 2. Bc4 c6 3. Nf3 d5 4. exd5 e4 5. Qe2 cxd5 6. Bb5+ Nc6 7. Bxc6+ bxc6 8.
h3 Qe7 9. Nd4 Qf6 10. Nb3 a5 11. d3 a4 12. N3d2 a3 13. c3 axb2 14. Bxb2 Ba6 15.
O-O Bxd3 16. Qe3 Bd6 17. Re1 Ne7 18. Nb3 O-O 19. N1d2 Nf5 20. Nxe4 dxe4 21. Qd2
Nh4 22. Nd4 c5 23. g3 cxd4 24. gxh4 Qxh4 25. f3 exf3 26. Qf2 Qxh3 27. Rf1 Ra5
0-1

[Event "AUTO-OPEN-2851"]
[Site "http://www.queenalice.com/game.php?id=1162919"]
[Date "2013.3.20"]
[Round "2"]
[White "sergiogvh"]
[Black "Narutos"]
[Result "1-0"]
[WhiteElo "2254"]
[BlackElo "1968"]

1. e4 c5 2. d4 cxd4 3. c3 dxc3 4. Nxc3 Nc6 5. Nf3 d6 6. h3 Bd7 7. Bc4 e6 8. O-O
Be7 9. Qe2 Nf6 10. Rd1 O-O 11. Bg5 Ne8 12. Bxe7 Qxe7 13. Rac1 a6 14. a3 Rc8 15.
Ba2 b5 16. b4 h6 17. e5 1-0

[Event "AUTO-OPEN-2851"]
[Site "http://www.queenalice.com/game.php?id=1162920"]
[Date "2013.3.20"]
[Round "2"]
[White "Narutos"]
[Black "sergiogvh"]
[Result "0-1"]
[WhiteElo "1963"]
[BlackElo "2258"]

1. e4 e6 2. d4 d5 3. exd5 exd5 4. Bd3 Bd6 5. Ne2 Ne7 6. O-O O-O 7. Bg5 f6 8. Bf4
Bxf4 9. Nxf4 Nbc6 10. c3 Bf5 11. Bxf5 Nxf5 12. Qd3 Qd7 13. Nd2 Rfe8 14. Rfe1
Nce7 15. Nf3 Nd6 16. Nd2 c6 0-1